000 00728nam a2200181Ia 4500
008 090124s9999 xx 000 0 und d
082 _b131658
100 _aनागपूरकर पद्माकर / मुत्तगी पी. ते.
245 _a वृध्दत्व - देशोदेशी
250 _a1
260 _c2003
300 _a75
600 _aनागपूरकर पद्माकर / मुत्तगी पी. ते.
630 _a वृध्दत्व - देशोदेशी
700 _aनागपूरकर पद्माकर / मुत्तगी पी. ते.
730 _a वृध्दत्व - देशोदेशी
942 _cBOOK
999 _c177747
_d177747